<?xml version="1.0" encoding="UTF-8"?>
<record
    xmlns:xsi="http://www.w3.org/2001/XMLSchema-instance"
    xsi:schemaLocation="http://www.loc.gov/MARC21/slim http://www.loc.gov/standards/marcxml/schema/MARC21slim.xsd"
    xmlns="http://www.loc.gov/MARC21/slim">

  <leader>02870cam a2200373 i 4500</leader>
  <controlfield tag="001">23174457</controlfield>
  <controlfield tag="005">20250327110716.0</controlfield>
  <controlfield tag="008">230606t20162016enka          000 0 eng d</controlfield>
  <datafield tag="010" ind1=" " ind2=" ">
    <subfield code="a">  2023289511</subfield>
  </datafield>
  <datafield tag="020" ind1=" " ind2=" ">
    <subfield code="a">9781473633155</subfield>
    <subfield code="q">(pbk.)</subfield>
  </datafield>
  <datafield tag="035" ind1=" " ind2=" ">
    <subfield code="a">(OCoLC)ocn935196255</subfield>
  </datafield>
  <datafield tag="040" ind1=" " ind2=" ">
    <subfield code="a">BTCTA</subfield>
    <subfield code="b">eng</subfield>
    <subfield code="e">rda</subfield>
    <subfield code="c">BTCTA</subfield>
    <subfield code="d">BDX</subfield>
    <subfield code="d">IMR</subfield>
    <subfield code="d">OCLCO</subfield>
    <subfield code="d">IMR</subfield>
    <subfield code="d">ABG</subfield>
    <subfield code="d">FM0</subfield>
    <subfield code="d">OCLCO</subfield>
    <subfield code="d">OCLCF</subfield>
    <subfield code="d">OCLCO</subfield>
    <subfield code="d">OCL</subfield>
    <subfield code="d">VP@</subfield>
    <subfield code="d">OCLCQ</subfield>
    <subfield code="d">OCLCO</subfield>
    <subfield code="d">OCLCA</subfield>
    <subfield code="d">NZHWP</subfield>
    <subfield code="d">TL4</subfield>
    <subfield code="d">UX0</subfield>
    <subfield code="d">OCLCO</subfield>
    <subfield code="d">BYV</subfield>
    <subfield code="d">OCLCO</subfield>
    <subfield code="d">OQX</subfield>
    <subfield code="d">AU@</subfield>
    <subfield code="d">OCP</subfield>
    <subfield code="d">T7A</subfield>
    <subfield code="d">HRF</subfield>
    <subfield code="d">ILM</subfield>
    <subfield code="d">UOK</subfield>
    <subfield code="d">D9M</subfield>
    <subfield code="d">JDP</subfield>
    <subfield code="d">WAU</subfield>
    <subfield code="d">OCLCO</subfield>
    <subfield code="d">WAU</subfield>
    <subfield code="d">DLC</subfield>
  </datafield>
  <datafield tag="041" ind1="1" ind2=" ">
    <subfield code="a">eng</subfield>
  </datafield>
  <datafield tag="042" ind1=" " ind2=" ">
    <subfield code="a">lccopycat</subfield>
  </datafield>
  <datafield tag="050" ind1="0" ind2="0">
    <subfield code="a">PF3129.E5</subfield>
    <subfield code="b">L49 2016</subfield>
  </datafield>
  <datafield tag="100" ind1=" " ind2=" ">
    <subfield code="a">Lewis, Benny</subfield>
    <subfield code="q">(Brendan Richard),</subfield>
    <subfield code="e">author.</subfield>
  </datafield>
  <datafield tag="245" ind1="1" ind2="0">
    <subfield code="a">Language hacking German </subfield>
    <subfield code="b">: a conversation course for beginners </subfield>
    <subfield code="c">/ Benny Lewis, the Irish polyglot.</subfield>
  </datafield>
  <datafield tag="246" ind1="3" ind2=" ">
    <subfield code="a">#Language hacking German</subfield>
  </datafield>
  <datafield tag="246" ind1="3" ind2=" ">
    <subfield code="a">Hashtag language hacking German</subfield>
  </datafield>
  <datafield tag="264" ind1=" " ind2="1">
    <subfield code="a">London :</subfield>
    <subfield code="b">John Murray Learning,</subfield>
    <subfield code="c">[2016]</subfield>
  </datafield>
  <datafield tag="264" ind1=" " ind2="4">
    <subfield code="c">&#xA9;2016</subfield>
  </datafield>
  <datafield tag="300" ind1=" " ind2=" ">
    <subfield code="a">xiii, 256 pages :</subfield>
    <subfield code="b">illustrations ;</subfield>
    <subfield code="c">24 cm.</subfield>
  </datafield>
  <datafield tag="385" ind1=" " ind2=" ">
    <subfield code="a">German, Students of</subfield>
    <subfield code="a">English speakers</subfield>
    <subfield code="2">lcdgt</subfield>
  </datafield>
  <datafield tag="490" ind1="1" ind2=" ">
    <subfield code="a">Teach yourself</subfield>
  </datafield>
  <datafield tag="500" ind1=" " ind2=" ">
    <subfield code="a">"Learn how to speak German-- with actual people-- right from the start!"</subfield>
  </datafield>
  <datafield tag="505" ind1="0" ind2=" ">
    <subfield code="a">Talking about me &#x2014; Asking about you &#x2014; Solving communication problems &#x2014; Describing your future plans &#x2014; Talking about family and friends &#x2014; Have some food, drink and conversation &#x2014; Talking about yesterday &#x2026; last week &#x2026; a long time ago &#x2014; It's been a while! &#x2014; Describe it! &#x2014; Having your first conversation.</subfield>
  </datafield>
  <datafield tag="520" ind1=" " ind2=" ">
    <subfield code="a">Language Hacking takes a modern approach to language learning and focuses on the conversations that learners need to master right away, rather than presenting language as a slow-moving series of building blocks. This means that you can have meaningful conversations right away, not after years of study. Incorporating the language hacks that Benny Lewis mastered while learning (as an adult) the 10 languages he now speaks, these courses help learners exponentially increase their language knowledge through clever shortcuts, memory techniques, and conversation strategies. The course consists of 9 units, each containing 3 conversations that culminate with a mission that learners complete and submit in the learner community that has been custom-created to accompany the course. There, learners give and get feedback to extend their learning beyond the pages of the book. It blends the best of technology and traditional learning so that learners can personalize their learning, get support from other learners, and rely on Benny's tried and tested methods for learning.</subfield>
  </datafield>
  <datafield tag="650" ind1=" " ind2="0">
    <subfield code="a">German language</subfield>
    <subfield code="v">Self-instruction.</subfield>
  </datafield>
  <datafield tag="650" ind1=" " ind2="0">
    <subfield code="a">German language</subfield>
    <subfield code="v">Textbooks for foreign speakers</subfield>
    <subfield code="x">English.</subfield>
    <subfield code="9">24643</subfield>
  </datafield>
  <datafield tag="655" ind1=" " ind2="0">
    <subfield code="a">Self-instruction</subfield>
    <subfield code="9">24883</subfield>
  </datafield>
  <datafield tag="830" ind1=" " ind2="0">
    <subfield code="a">Teach yourself books.</subfield>
  </datafield>
  <datafield tag="856" ind1="4" ind2="2">
    <subfield code="u">http://www.teachyourself.com/languagehacking</subfield>
  </datafield>
  <datafield tag="942" ind1=" " ind2=" ">
    <subfield code="2">lcc</subfield>
  </datafield>
  <datafield tag="952" ind1=" " ind2=" ">
    <subfield code="0">0</subfield>
    <subfield code="1">0</subfield>
    <subfield code="2">lcc</subfield>
    <subfield code="4">0</subfield>
    <subfield code="7">0</subfield>
    <subfield code="a">TBS</subfield>
    <subfield code="b">TBS</subfield>
    <subfield code="d">2025-03-11</subfield>
    <subfield code="l">0</subfield>
    <subfield code="o">P-DE LEARN LEW</subfield>
    <subfield code="p">B05872</subfield>
    <subfield code="r">2025-03-11</subfield>
    <subfield code="t">1</subfield>
    <subfield code="w">2025-03-11</subfield>
    <subfield code="y">1</subfield>
  </datafield>
  <datafield tag="999" ind1=" " ind2=" ">
    <subfield code="c">4528</subfield>
    <subfield code="d">4528</subfield>
  </datafield>
</record>
